Sports Quiz

Random Sports or Tennis Quiz

L-Letter Tennis Players (Slideshow) Quiz Stats

Quiz not verified by Sporcle

Challenge
Share
Tweet
Score 0/20 Timer 10:00
0 Plays Today
% Correct
Rod Laver
91.9%
Ivan Lendl
91%
Ivan Ljubičić
79.3%
René Lacoste
77.5%
Feliciano López
76.6%
Michaël Llodra
65.8%
Henri Leconte
65.8%
Lu Yen-hsun
62.2%
Nicolás Lapentti
60.4%
Lee Hyung-taik
57.7%
% Correct
Paolo Lorenzi
55.9%
Magnus Larsson
51.4%
Chris Lewis
37.8%
John Lloyd
36.9%
Harel Levy
33.3%
Sebastien Lareau
23.4%
Rick Leach
20.7%
Peter Lundgren
16.2%
William Larned
10.8%
Bob Lutz
8.1%

You're not logged in!

Compare scores with friends on all Sporcle quizzes.
Join for Free
OR
Log In

You Might Also Like...

Show Comments

Extras

Top Quizzes Today


Score Distribution

Your Account Isn't Verified!

In order to create a playlist on Sporcle, you need to verify the email address you used during registration. Go to your Sporcle Settings to finish the process.

Report this User

Report this user for behavior that violates our Community Guidelines.

Details: